000 00394nam a22001697a 4500
003 SGT
005 20260629122901.0
020 _a9788197099502
082 _a618.1
_bT25B
100 _aBABU, SHARMILA ARUN
245 _aTE LINDE'S OPERATIVE GGNECOLOGY
250 _a1ST S.A
260 _aPHILADELPHIA
_bWOLTERS KLUWER
_c2025
300 _a2270
650 _aOBST. & GYNE
942 _2ddc
_cBK
999 _c34986
_d34986